FIFA 15 Music - Statistics

General Stats
  • This quiz has been taken 35 times
  • The average score is 8 of 41
Answer Stats
Hint Answer % Correct
Avicii The Nights
85%
Kwabs Walk
42%
Nico & Vinz When the Day Comes
35%
Catfish and the Bottlemen Cocoon
27%
Milky Chance Down by the River
27%
Saint Motel My Type
27%
Teddybears Sunshine
27%
The Griswolds 16 Years
23%
Elliphant All or Nothing
23%
Kasabian stevie
23%
Foster the People Are You What You Want to Be?
19%
The Kooks Around Town
19%
FMLYBND Come Alive
19%
Polock Everlasting
19%
Jacob Banks Move with You
19%
Prides Out of the Blue
19%
Elliphant Purple Light
19%
Joywave Tongues
19%
Magic Man Tonight
19%
Tune-Yards Water Fountain
19%
The Madden Brothers We Are Done
19%
Jungle Busy Earnin'
15%
Death from Above 1979 Crystal Ball
15%
Madeon Imperium
15%
Broods L.A.F.
15%
Vance Joy Mess Is Mine
15%
A-Track Push
15%
Slaptop Sunrise
15%
The Mountains The Valleys
15%
Bang La Decks Utopia
15%
Sante Les Amis Brasil
12%
Rudimental Give You Up
12%
Tensnake Pressure
12%
Dirty South Tunnel Vision
12%
ChocQuibTown Uh La La
12%
Saint Raymond Wild Heart
12%
Kinski Gallow Cumbia del Corazón
8%
Lowell Palm Trees
8%
MPB4 Agiboré (Marky's Ye-Mele Refix)
4%
Emicida Levanta e Anda
4%
The Ting Tings Super Critical
4%
No matching quizzes found
Score Distribution
Percent of People with Each Score
Percentile by Number Answered
Your Score History
You have not taken this quiz